LEADER 02116nam 2200625 a 450 001 9910456814403321 005 20200520144314.0 010 $a1-283-17480-4 010 $a9786613174802 010 $a90-272-8514-4 035 $a(CKB)2550000000040340 035 $a(SSID)ssj0000521159 035 $a(PQKBManifestationID)12251500 035 $a(PQKBTitleCode)TC0000521159 035 $a(PQKBWorkID)10522838 035 $a(PQKB)11347280 035 $a(MiAaPQ)EBC729906 035 $a(Au-PeEL)EBL729906 035 $a(CaPaEBR)ebr10481813 035 $a(CaONFJC)MIL317480 035 $a(OCoLC)741492607 035 $a(EXLCZ)992550000000040340 100 $a20110411d2011 uy 0 101 0 $aeng 135 $aurcn||||||||| 181 $ctxt 182 $cc 183 $acr 200 00$aBi-directionality in the cognitive sciences$b[electronic resource] $eavenues, challenges, and limitations /$fedited by Marcus Callies, Wolfram R. Keller, Astrid Loho?fer 210 $aAmsterdam ;$aPhiladelphia $cJohn Benjamins Pub. Co.$d2011 215 $aviii, 313 p. $cill 225 1 $aHuman cognitive processing,$x1387-6724 ;$vv. 30 300 $aBibliographic Level Mode of Issuance: Monograph 311 $a90-272-2384-X 320 $aIncludes bibliographical references and index. 327 $apt. 1. Avenues for bi-directionality -- pt. 2. Challenges to and limitations on bi-directionality. 410 0$aHuman cognitive processing ;$vv. 30. 606 $aPsycholinguistics 606 $aCognitive science 606 $aInterdisciplinary approach to knowledge 608 $aElectronic books. 615 0$aPsycholinguistics. 615 0$aCognitive science. 615 0$aInterdisciplinary approach to knowledge. 676 $a401/.9 701 $aCallies$b Marcus$0866255 701 $aKeller$b Wolfram R$0866256 701 $aLoho?fer$b Astrid$0866257 801 0$bMiAaPQ 801 1$bMiAaPQ 801 2$bMiAaPQ 906 $aBOOK 912 $a9910456814403321 996 $aBi-directionality in the cognitive sciences$91933314 997 $aUNINA LEADER 01316nam 2200337 450 001 996280197703316 005 20171018074639.0 010 $a1-5044-3727-6 035 $a(CKB)3710000001362116 035 $a(WaSeSS)IndRDA00079049 035 $a(NjHacI)993710000001362116 035 $a(EXLCZ)993710000001362116 100 $a20171018d2017 || | 101 0 $aeng 135 $aur||||||||||| 181 $ctxt$2rdacontent 182 $cc$2rdamedia 183 $acr$2rdacarrier 200 00$aIEEE standard for Ethernet$hAmendment 8$iPhysical layer and management parameters for power over data lines (PoDL) of single balanced twisted-pair Ethernet 210 1$aNew York :$cIEEE,$d2017. 215 $a1 online resource (77 pages) 330 $aSpecifications and management parameters for the provision of power via a single twisted pair to connected Data Terminal Equipment (DTE) with IEEE 802.3 single balanced twisted-pair interfaces are added by this amendment to IEEE Std 802.3-2015. 606 $aEthernet (Local area network system)$xStandards 615 0$aEthernet (Local area network system)$xStandards. 676 $a004.68 801 0$bWaSeSS 801 1$bWaSeSS 906 $aDOCUMENT 912 $a996280197703316 996 $aIEEE standard for ethernet$92574318 997 $aUNISA